• 首页
  • 本馆介绍
  • 公告通知
  • 最新文献
  • 馆藏检索
  • 电子资源
  • 读者导购
  • 参考咨询
  • 我的图书馆
  • 登录
  • 详细信息显示
  • 放入我的书架
  • 预约/预借图书
  • 作者相关作品
  • 分类相关作品
  • 丛书相关作品
  • 出版社相关作品

书目信息

  • 表格格式
  • 工作单格式
  • 卡片格式
题名:
我亲历过的政治运动
    
 
作者: 萧克 著
分册:  
出版信息: 北京   中央编译出版社  1998
页数: 465页
开本: 20cm
丛书名: 百年潮精品书系
单 册:
中图分类: D65
科图分类:
主题词: 报告文学--中国--现代--选集 , 政治--中国 , 政治运动--中国--现代--史料 , 政治运动
电子资源:
ISBN: 7-80109-265-1
000 00754oam2 2200265 450
001 1251306140
005 20121004141728.12
010    @a7-80109-265-1@dCNY28.00
100    @a19981210d1998 emky0chiy0110 ea
101 0  @achi
102    @aCN@b110000
105    @af z 000zd
200 1  @a我亲历过的政治运动@Awo qin li guo de zheng zhi yun dong@f萧克等著
210    @a北京@c中央编译出版社@d1998
215    @a465页@c照片@d20cm
225 2  @a百年潮精品书系@v2
461  0 @12001 @a百年潮精品书系
606 0  @a报告文学@y中国@z现代@x选集
606 0  @a政治@x中国
606 0  @a政治运动@y中国@z现代@x史料
606 0  @a政治运动
690    @aD65@v4
701  0 @a萧克@Axiao ke@f(1908~2008)@4著
801  0 @aCN@bNLC@c20101222
905    @a10447@dD65@eJY9
    
    我亲历过的政治运动/萧克等著.-北京:中央编译出版社,1998
    465页:照片;20cm.-(百年潮精品书系;2)
    
    
    ISBN 7-80109-265-1:CNY28.00
    
●
相关链接 在E读中查询图书 在五车中查询图书 在当当中查询图书 在豆瓣中查询图书


正题名:我亲历过的政治运动     索取号:D65/JY9         预约/预借

序号 登录号 条形码 馆藏地/架位号 状态 备注
1 7812145   278121453   学院路分馆/ [索取号:D65/JY9] 在馆    
2 7812146   278121462   学院路分馆/ [索取号:D65/JY9] 在馆    
3 7812147   278121471   学院路分馆/ [索取号:D65/JY9] 在馆    
4 7812148   278121480   学院路分馆/ [索取号:D65/JY9] 在馆    
唐山师范学院图书馆 欢迎您!
大连网信软件有限公司© 版权所有